00869cam a2200265 a 4500001000700000003000400007005001700011008004100028010001700069020003500086035001100121040001800132050002300150082001400173245006900187260005500256300002100311336002600332337002800358338002700386504005300413630004300466630003800509700005600547690954OSt20260317115208.0960701s1996 ilu b 001 0 eng  a 96028488  a083081423Xqcloth : alk. paper a690954 aDLCcDLCdDLC00aBS511.2b.H36 199600a220.622000aHard sayings of the Bible /cWalter C. Kaiser, Jr. ... [et al.]. aDowners Grove, Ill. :bInterVarsity Press,cc1996. a808 p. ;c24 cm. atextbtxt2rdacontent aunmediatedbn2rdamedia avolumebnc2rdacarrier aIncludes bibliographical references and indexes.00aBiblexCriticism, interpretation, etc.00aBiblexEvidences, authority, etc.1 aKaiser, Walter C.,cJr.q(Walter Christian),d1933-